Britain and the British seas / (Record no. 23990)
[ view plain ]
| 000 -LEADER | |
|---|---|
| fixed length control field | 00827nam a2200253 a 4500 |
| 001 - CONTROL NUMBER | |
| control field | 23990 |
| 003 - CONTROL NUMBER IDENTIFIER | |
| rucl marc code | BD-RjUL |
| 005 - DATE AND TIME OF LATEST TRANSACTION | |
| control field | 20211209001009.0 |
| 008 - FIXED-LENGTH DATA ELEMENTS--GENERAL INFORMATION | |
| fixed length control field | 140312s1947 enkabf 001 0 eng d |
| 035 ## - SYSTEM CONTROL NUMBER | |
| System control number | (BD-RjUL)24055 |
| 040 ## - CATALOGING SOURCE | |
| Original cataloging agency | HLS |
| Transcribing agency | HLS |
| Modifying agency | BD-RjUL |
| Language of cataloging | eng |
| 041 ## - LANGUAGE CODE | |
| Language code of text/sound track or separate title | eng |
| 082 ## - DEWEY DECIMAL CLASSIFICATION NUMBER | |
| Classification number | 304.2 |
| Author mark and year | MAB 1947 |
| 100 1# - MAIN ENTRY--PERSONAL NAME | |
| Personal name | Mackinder, Halford John, |
| Dates associated with a name | 1861-1947. |
| 9 (RLIN) | 73870 |
| 245 10 - TITLE STATEMENT | |
| Title | Britain and the British seas / |
| Statement of responsibility, etc. | by H. J. Mackinder. |
| 250 ## - EDITION STATEMENT | |
| Edition statement | 2nd ed. |
| 260 ## - PUBLICATION, DISTRIBUTION, ETC. (IMPRINT) | |
| Place of publication, distribution, etc. | Oxford : |
| Name of publisher, distributor, etc. | at the Clarendon Press, |
| Date of publication, distribution, etc. | 1902 [Reprinted 1947]. |
| 300 ## - PHYSICAL DESCRIPTION | |
| Pagination | xii, 375 p., [6] leaves of plates : |
| Illustrations | ill., maps (5 fold.) ; |
| Size | 24 cm. |
| 500 ## - GENERAL NOTE | |
| General note | Includes index. |
| 650 #0 - SUBJECT ADDED ENTRY--TOPICAL TERM | |
| Topical term or geographic name as entry element | Human geography |
| Geographic subdivision | Great Britain. |
| 9 (RLIN) | 33802 |
| Topical term or geographic name as entry element | Physical geography |
| Geographic subdivision | Great Britain. |
| 9 (RLIN) | 73871 |
| 651 #0 - SUBJECT ADDED ENTRY--GEOGRAPHIC NAME | |
| Geographic name | Great Britain |
| General subdivision | Geography. |
| 9 (RLIN) | 68001 |
| 942 ## - ADDED ENTRY ELEMENTS (KOHA) | |
| Source of classification or shelving scheme | Dewey Decimal Classification |
| Koha item type | Books |
| Lost status | Source of classification or shelving scheme | Damaged status | Not for loan | Collection code | Permanent Location | Current Location | Shelving location | Date acquired | Source of acquisition | Cost, normal purchase price | Total Checkouts | Full call number | Date last seen | Copy number | Koha item type |
|---|---|---|---|---|---|---|---|---|---|---|---|---|---|---|---|
| Dewey Decimal Classification | Added to bundle | Non-fiction | Central Library, University of Rajshahi | Central Library, University of Rajshahi | Reading Room | 18/06/1955 | Alies Book | 13.00 | 942 MAB 1947 | 12/03/2014 | C-1 | Books |